| Tag |
First Indicator |
Second Indicator |
Subfields |
| LEADER |
00000cam a2200000 a 4500 |
| 001 |
in00002644530 |
| 005 |
20211120160959.0 |
| 006 |
m d f |
| 007 |
cr bn||||||||| |
| 008 |
110216s2010 dcub ob f000 0 eng c |
| 035 |
|
|
|a (OCoLC)ocn702119570
|
| 037 |
|
|
|a 552-070-41961-6
|b GPO
|f paper
|
| 040 |
|
|
|a GPO
|c GPO
|d GPO
|d MvI
|d UtOrBLW
|
| 042 |
|
|
|a pcc
|
| 043 |
|
|
|a n-us---
|
| 049 |
|
|
|a WWW
|
| 050 |
1 |
4 |
|a KF27
|b .O9425 2010c
|
| 074 |
|
|
|a 1016-C (online)
|
| 086 |
0 |
|
|a Y 4.G 74/7:111-77
|
| 088 |
|
|
|a Serial no. 111-77 (United States. Congress. House. Committee on Oversight and Government Reform)
|
| 110 |
1 |
|
|a United States.
|b Congress.
|b House.
|b Committee on Oversight and Government Reform.
|b Subcommittee on Federal Workforce, Postal Service, and the District of Columbia.
|
| 245 |
1 |
0 |
|a Housing D.C. felons far away from home :
|b effects on crime, recidivism, and reentry : hearing before the Subcommittee on Federal Workforce, Postal Service, and the District of Columbia of the Committee on Oversight and Government Reform, House of Representatives, One Hundred Eleventh Congress, second session, May 5, 2010.
|
| 246 |
3 |
|
|a Housing DC felons far away from home
|
| 264 |
|
1 |
|a Washington :
|b U.S. G.P.O.,
|c 2010.
|
| 300 |
|
|
|a 1 online resource (iii, 90 pages) :
|b maps.
|
| 336 |
|
|
|a text
|b txt
|2 rdacontent
|
| 337 |
|
|
|a computer
|b c
|2 rdamedia
|
| 338 |
|
|
|a online resource
|b cr
|2 rdacarrier
|
| 588 |
|
|
|a Title from title screen (viewed on Feb. 16, 2011).
|
| 500 |
|
|
|a Paper version available for sale by the Supt. of Docs., U.S. G.P.O.
|
| 504 |
|
|
|a Includes bibliographical references.
|
| 500 |
|
|
|a "Serial number 111-77."
|
| 500 |
|
|
|a Electronic resource.
|
| 650 |
|
0 |
|a Criminals
|x Effect of imprisonment on
|z Washington (D.C.)
|
| 650 |
|
0 |
|a Recidivism
|z Washington (D.C.)
|
| 650 |
|
0 |
|a Prisoners
|x Deinstitutionalization
|z Washington (D.C.)
|
| 776 |
0 |
8 |
|i Print version:
|a United States. Congress. House. Committee on Oversight and Government Reform. Subcommittee on Federal Workforce, Postal Service, and the District of Columbia.
|t Housing D.C. felons far away from home
|w (OCoLC)696394051
|
| 776 |
0 |
8 |
|i Microfiche:
|a United States. Congress. House. Committee on Oversight and Government Reform. Subcommittee on Federal Workforce, Postal Service, and the District of Columbia.
|t Housing D.C. felons far away from home
|w (OCoLC)703441476
|
| 856 |
4 |
0 |
|u https://purl.fdlp.gov/GPO/gpo4099
|t 0
|
| 999 |
|
|
|a MARS
|
| 999 |
f |
f |
|s d41cb2ec-c691-3d1c-9af2-2acd8824e44c
|i 642796e9-b15b-3d53-a139-5791b0d688da
|t 0
|
| 952 |
f |
f |
|a Texas A&M University
|b College Station
|c Electronic Resources
|d Available Online
|t 0
|e Y 4.G 74/7:111-77
|h Superintendent of Documents classification
|
| 998 |
f |
f |
|a Y 4.G 74/7:111-77
|t 0
|l Available Online
|